000 002940000a22000970004500
100 1 _aBurns, John Barclay (1943-)
245 1 0 _aSupport for the emendation "rehob meqomô" in Job 24:19-20
300 _aVol. 39, Num. 4 (Octubre, 1989), Páginas 480-485
773 0 _tVetus Testamentum
942 _cANA
999 _c57598
_d57598